Red Glow : Yugoslav Partisan Photography and Social Movement, 1941-1945.

Bibliographic Details
Main Author: Konjikusić, Davor.
Other Authors: Rosa-Luxemburg-Stiftung.
Format: eBook
Language:English
Published: Berlin/München : Deutscher Kunstverlag GmbH, 2022.
Edition:1st ed.
Subjects:
Online Access:Click to View
LEADER 01439nam a22003493i 4500
001 EBC7015444
003 MiAaPQ
005 20231204023225.0
006 m o d |
007 cr cnu||||||||
008 231204s2022 xx o ||||0 eng d
020 |a 9783422986480  |q (electronic bk.) 
035 |a (MiAaPQ)EBC7015444 
035 |a (Au-PeEL)EBL7015444 
035 |a (OCoLC)1295219381 
040 |a MiAaPQ  |b eng  |e rda  |e pn  |c MiAaPQ  |d MiAaPQ 
100 1 |a Konjikusić, Davor. 
245 1 0 |a Red Glow :  |b Yugoslav Partisan Photography and Social Movement, 1941-1945. 
250 |a 1st ed. 
264 1 |a Berlin/München :  |b Deutscher Kunstverlag GmbH,  |c 2022. 
264 4 |c {copy}2022. 
300 |a 1 online resource (424 pages) 
336 |a text  |b txt  |2 rdacontent 
337 |a computer  |b c  |2 rdamedia 
338 |a online resource  |b cr  |2 rdacarrier 
588 |a Description based on publisher supplied metadata and other sources. 
590 |a Electronic reproduction. Ann Arbor, Michigan : ProQuest Ebook Central, 2023. Available via World Wide Web. Access may be limited to ProQuest Ebook Central affiliated libraries.  
655 4 |a Electronic books. 
700 1 |a Rosa-Luxemburg-Stiftung. 
776 0 8 |i Print version:  |a Konjikusić, Davor  |t Red Glow  |d Berlin/München : Deutscher Kunstverlag GmbH,c2022 
797 2 |a ProQuest (Firm) 
856 4 0 |u https://ebookcentral.proquest.com/lib/matrademy/detail.action?docID=7015444  |z Click to View